| 000 | 01042nas a2200289 4500 | ||
|---|---|---|---|
| 001 | BR9202851 | ||
| 003 | BR-BrBNA | ||
| 005 | 20231205092551.0 | ||
| 007 | ta | ||
| 008 | 230509b bl.|||p| |||| 00| 00por d | ||
| 040 |
_aBR-BrBNA _bpor _cBiblioteca Nacional de Agricultura |
||
| 041 | _a(Pt) | ||
| 072 | _aF61 | ||
| 100 | 1 | _aRuiz, H.A. | |
| 100 | 1 | _aFernandes, B. | |
| 100 | 1 | _aNovais, R.F. de | |
| 100 | 1 | _aAlvarez Venegas, V.H. | |
| 111 | 1 |
_a21. Congresso Brasileiro de Ciencia do Solo _cCampinas, SP (Brazil) _d19-25 Jul 1987 |
|
| 245 | 1 | _aTeor, acumulo e distribuicao de fosforo em plantas de soja em relacao ao conteudo de agua do solo | |
| 246 | 1 | _aPhosphorus concentration, accumulation and distribution in soybean plants in relation to soil water content | |
| 650 | _aSOJA | ||
| 650 | _aFOSFORO | ||
| 650 | _aAGUA DO SOLO | ||
| 773 | 0 |
_tRevista Brasileira de Ciencia do Solo (Brazil) _xISSN 0100-0683 _g(May-Aug 1990), v. 14(2) p. 181-185 _wBR9202851 |
|
| 909 |
_a202311 _bLúcia _c55 _dLúcia Elande |
||
| 942 |
_2AGRIS _n0 _cANA |
||
| 999 |
_c132554 _d132554 |
||